000 00330nam a22001457a 4500
008 210305b ||||| |||| 00| 0 eng d
020 _a1894891074
041 _aeng
080 _21st
_a621
082 _a621
100 _a26
101 _aMEK
245 _aAgile System Requirements Engineering
_cFrantzen, T
942 _2udc
_cBK
999 _c55794
_d55794